00341nam a2200121Ia 4500008004100000041000800041082001500049100002200064245004400086260004700130300003000177365001200207240624s9999 xx 000 0 und d aeng a338.04 GOM aGOMEZ PIERRE YVES aENTREPRENEURS AMD DEMOCRACY A POLITICAL c2008aNew YorkbCambridge University Press axi, : 336 : p. : cm. ; 23 cGBPb28